100 yılllık/ $c (Record no. 15213)

MARC details
000 -BAŞLIK
Sabit Uzunlukta Kontrol Alanı 00728nam a22002297a 4500
999 ## - SİSTEM KONTROL NUMARALARI (KOHA)
Koha Biblionumber 15213
Koha Biblioitemnumber 15213
003 - KONTROL NUMARASI IDENTIFIER
Denetim Alanı MIRAKIL
005 - SON İŞLEM TARİHİ VE ZAMANI
Denetim Alanı 20230424161326.0
008 - SABİT-BOY VERİ ELEMANLARI - GENEL BİLGİLER
Sabit Uzunlukta Kontrol Alanı 230424b tu ||||| |||| 00| 0 tur d
020 ## - ULUSLARARASI STANDART KİTAP NUMARASI
Uluslararası Standart Kitap Numarası 9786059075725
040 ## - KATALOGLAMA KAYNAK
Orijinal Kataloglama Ajansı TR-AnCHP
Metne Dönüştürmek Ajansı TR-AnCHP
041 ## - DİL KODU
Metin / Ses Parça Veya Ayrı Başlığın Dil Kodu tur
082 ## - DEWEY ONLU SINIFLANDIRMA NUMARASI
Sınıflandırma Numarası 070.5
Ürün Numarası Y99 2021
245 10 - BAŞLIK TABLOSU
Başlık 100 yılllık/ $c
Sorumluluk Tablosu, Vb editörler : Hayri Çetinkuş, Göksel Ulutabak.
260 ## - YAYIN, DAĞITIM, VB
Yayın, Dağıtım, Vb Yeri Ankara :
Yayıncı, Dağıtıcı, Vs Adı Anadolu Ajansı Yayınları,
Yayın, Dağıtım, Vb Tarihi 2021.
300 ## - FİZİKSEL TANIM
Kapsam 625 s.:
Diğer Fiziksel Ayrıntıları hrt.; fotg.;
Boyutlar 21 sm.
490 0# - SERİSİ TABLOSU
Seri Beyanı Anadolu Ajansı Yayınları;
Hacim / Ardışık Tanımı 75.
504 ## - KAYNAKÇA VB NOT
Kaynakça Vb Notu Kaynakça vardır.
650 #0 - KONU KATMA GİRİŞ - TOPİKAL DÖNEM
9 (RLIN) 6292
Topikal Süreli Veya Coğrafi Ad Giriş Elemanı Basın
Genel Alt Bölümü Almanaklar
650 #0 - KONU KATMA GİRİŞ - TOPİKAL DÖNEM
9 (RLIN) 6064
Topikal Süreli Veya Coğrafi Ad Giriş Elemanı Gazetecilik
Genel Alt Bölümü Haber Ajanları
-- Yıllıklar
700 ## - KATMA GİRİŞ - KİŞİSEL İSİM
9 (RLIN) 7391
Kişisel Ad Çetinkuş, Hayri
Relator Terim ed.
942 ## - EKLENDİ GİRİŞ ELEMANLARI (KOHA)
Sınıflandırma Veya Raf Düzeni Kaynak Dewey Decimal Classification
Koha Öğesi Türü Books
Holdings
Kalıcı Konum Mevcut Konum Edinme Tarihi Toplam Check-Out'Lar Tam Çağrı Numarası Barkod Tarih Son Görülme İtibaren Geçerli Fiyatlar Koha Öğesi Türü
CHP Kütüphanesi CHP Kütüphanesi 04/24/2023   070.5 Y99 2021 020802 04/24/2023 04/24/2023 Books